[Event "World Chess Olympiad 2018"]
[Site "Batumi"]
[Date "2018.09.25"]
[Round "2"]
[Board "3"]
[WhiteFideId "14700727"]
[White "Khusenkhojaev Mustafokhuja"]
[BlackFideId "304760"]
[Black "Stocek Jiri"]
[Result "0-1"]
[LiveChessVersion "1.4.8"]
[BlackElo "2574"]
[WhiteElo "2229"]

1. d4 {[%clk 1:30:56]} Nf6 {[%clk 1:30:36]} 2. Nf3 {[%clk 1:31:17]} e6
{[%clk 1:30:28]} 3. c4 {[%clk 1:31:27]} Bb4+ {[%clk 1:30:35]} 4. Nbd2
{[%clk 1:30:53]} O-O {[%clk 1:29:53]} 5. a3 {[%clk 1:30:56]} Be7 {[%clk 1:30:17]}
6. e4 {[%clk 1:30:24]} d6 {[%clk 1:28:52]} 7. Be2 {[%clk 1:28:29]} Nbd7
{[%clk 1:26:21]} 8. O-O {[%clk 1:27:43]} c5 {[%clk 1:26:06]} 9. d5
{[%clk 1:25:18]} exd5 {[%clk 1:23:12]} 10. cxd5 {[%clk 1:23:14]} Re8
{[%clk 1:22:43]} 11. Qc2 {[%clk 1:19:14]} Bf8 {[%clk 1:18:24]} 12. Bd3
{[%clk 1:16:38]} Ng4 {[%clk 1:10:43]} 13. h3 {[%clk 1:14:47]} Nge5
{[%clk 1:11:01]} 14. Nxe5 {[%clk 1:14:44]} Nxe5 {[%clk 1:11:23]} 15. Be2
{[%clk 1:13:42]} Bd7 {[%clk 0:52:29]} 16. a4 {[%clk 1:09:37]} Ng6
{[%clk 0:46:14]} 17. Nc4 {[%clk 0:58:53]} Qf6 {[%clk 0:43:06]} 18. Rd1
{[%clk 0:55:52]} Qh4 {[%clk 0:37:12]} 19. Bd3 {[%clk 0:53:02]} Rad8
{[%clk 0:33:27]} 20. Bd2 {[%clk 0:49:03]} Nf4 {[%clk 0:30:06]} 21. Bf1
{[%clk 0:43:54]} Rxe4 {[%clk 0:26:45]} 22. g3 {[%clk 0:42:15]} Nxh3+
{[%clk 0:26:38]} 23. Bxh3 {[%clk 0:40:42]} Rxc4 {[%clk 0:26:36]} 24. Qb3
{[%clk 0:26:19]} Qxh3 {[%clk 0:25:56]} 25. Qxc4 {[%clk 0:26:35]} Bg4
{[%clk 0:26:12]} 26. Qb3 {[%clk 0:24:45]} Qh5 {[%clk 0:23:50]} 27. f4
{[%clk 0:20:38]} Bf3 {[%clk 0:16:00]} 28. Re1 {[%clk 0:17:54]} Qh1+
{[%clk 0:15:48]} 29. Kf2 {[%clk 0:18:10]} Qg2+ {[%clk 0:16:13]} 30. Ke3
{[%clk 0:18:36]} Bxd5 {[%clk 0:16:13]} 0-1

[Event "World Chess Olympiad 2018"]
[Site "Batumi"]
[Date "2018.09.25"]
[Round "2"]
[Board "4"]
[WhiteFideId "14907526"]
[White "Michalik Peter"]
[BlackFideId "14700280"]
[Black "Karimov Alisher"]
[Result "1-0"]
[LiveChessVersion "1.4.8"]
[BlackElo "2182"]
[WhiteElo "2556"]

1. e4 {[%clk 1:30:57]} e5 {[%clk 1:30:43]} 2. Nf3 {[%clk 1:31:20]} Nc6
{[%clk 1:31:04]} 3. Bc4 {[%clk 1:31:37]} Nf6 {[%clk 1:30:45]} 4. d3
{[%clk 1:31:53]} Bc5 {[%clk 1:29:59]} 5. O-O {[%clk 1:31:54]} d6 {[%clk 1:30:02]}
6. a4 {[%clk 1:29:48]} O-O {[%clk 1:27:06]} 7. Bg5 {[%clk 1:29:46]} a6
{[%clk 1:21:46]} 8. c3 {[%clk 1:21:59]} Ba7 {[%clk 1:18:18]} 9. Nbd2
{[%clk 1:18:10]} Qe7 {[%clk 1:10:18]} 10. Nh4 {[%clk 1:12:52]} Be6
{[%clk 1:02:22]} 11. Nf5 {[%clk 1:02:14]} Bxf5 {[%clk 0:51:10]} 12. exf5
{[%clk 0:59:26]} Nb8 {[%clk 0:40:00]} 13. Qf3 {[%clk 0:41:50]} c6
{[%clk 0:32:47]} 14. d4 {[%clk 0:31:50]} Nbd7 {[%clk 0:19:37]} 15. d5
{[%clk 0:30:28]} h6 {[%clk 0:14:44]} 16. Bxf6 {[%clk 0:26:04]} Nxf6
{[%clk 0:13:47]} 17. Rfe1 {[%clk 0:25:57]} Qc7 {[%clk 0:08:22]} 18. Red1
{[%clk 0:23:13]} b5 {[%clk 0:00:53]} 19. Ba2 {[%clk 0:22:08]} c5 {[%clk 0:00:48]}
20. c4 {[%clk 0:20:46]} b4 {[%clk 0:00:52]} 21. Bb1 {[%clk 0:19:36]} Bb6
{[%clk 0:00:58]} 22. h4 {[%clk 0:19:50]} Qe7 {[%clk 0:01:03]} 23. g3
{[%clk 0:17:17]} Rfb8 {[%clk 0:01:25]} 24. a5 {[%clk 0:17:28]} Bc7
{[%clk 0:01:20]} 25. Re1 {[%clk 0:16:54]} Kf8 {[%clk 0:01:15]} 26. Bc2
{[%clk 0:17:18]} Ra7 {[%clk 0:01:11]} 27. Kg2 {[%clk 0:17:27]} Qd8
{[%clk 0:01:27]} 28. Nb3 {[%clk 0:17:10]} Rab7 {[%clk 0:01:17]} 29. Rg1
{[%clk 0:12:54]} Qe7 {[%clk 0:01:20]} 30. Be4 {[%clk 0:12:47]} Bd8
{[%clk 0:00:54]} 31. Kf1 {[%clk 0:12:47]} Qc7 {[%clk 0:00:43]} 32. Ke2
{[%clk 0:12:45]} Ke8 {[%clk 0:00:45]} 33. Rh1 {[%clk 0:11:34]} Qe7
{[%clk 0:00:38]} 34. g4 {[%clk 0:11:10]} Nxe4 {[%clk 0:00:49]} 35. Qxe4
{[%clk 0:11:36]} Kd7 {[%clk 0:01:01]} 36. Rag1 {[%clk 0:10:06]} Kc8
{[%clk 0:01:00]} 37. g5 {[%clk 0:10:29]} h5 {[%clk 0:00:50]} 38. Kd3
{[%clk 0:07:27]} Qe8 {[%clk 0:01:04]} 39. f4 {[%clk 0:06:38]} Qa4
{[%clk 0:00:40]} 40. Kc2 {[%clk 0:37:05]} Re7 {[%clk 0:30:39]} 41. Re1
{[%clk 0:34:13]} Qd7 {[%clk 0:24:34]} 42. Rhf1 {[%clk 0:31:12]} Rb7
{[%clk 0:18:46]} 43. fxe5 {[%clk 0:30:03]} Rxe5 {[%clk 0:16:53]} 44. Qf4
{[%clk 0:30:27]} Re7 {[%clk 0:13:04]} 45. Rxe7 {[%clk 0:25:24]} Qxe7
{[%clk 0:13:08]} 46. Kd2 {[%clk 0:25:51]} Qf8 {[%clk 0:11:10]} 47. f6
{[%clk 0:24:57]} gxf6 {[%clk 0:08:30]} 48. gxf6 {[%clk 0:25:23]} Qg8
{[%clk 0:05:34]} 49. Qg5 {[%clk 0:25:04]} Qh7 {[%clk 0:04:53]} 50. Rf5
{[%clk 0:20:45]} Rd7 {[%clk 0:04:19]} 51. Ke3 {[%clk 0:19:07]} Qh8
{[%clk 0:03:48]} 52. Kf2 {[%clk 0:17:57]} Qe8 {[%clk 0:02:55]} 53. Rf4
{[%clk 0:16:46]} Qh8 {[%clk 0:02:52]} 54. Qf5 {[%clk 0:16:27]} Qh6
{[%clk 0:02:30]} 55. Rf3 {[%clk 0:12:40]} Kc7 {[%clk 0:01:13]} 56. Qf4
{[%clk 0:12:30]} Qxf4 {[%clk 0:01:01]} 57. Rxf4 {[%clk 0:12:56]} Kc8
{[%clk 0:01:09]} 58. Rf5 {[%clk 0:13:21]} Bc7 {[%clk 0:01:10]} 59. Rxh5
{[%clk 0:13:41]} Rd8 {[%clk 0:01:32]} 60. Rf5 {[%clk 0:11:36]} Rg8
{[%clk 0:00:49]} 61. h5 {[%clk 0:10:11]} Bd8 {[%clk 0:00:42]} 62. Nd2
{[%clk 0:09:04]} Kd7 {[%clk 0:00:40]} 63. Ne4 {[%clk 0:09:10]} Rh8
{[%clk 0:00:34]} 64. Rg5 {[%clk 0:08:44]} Re8 {[%clk 0:00:37]} 65. Kf3
{[%clk 0:09:00]} Rxe4 {[%clk 0:00:32]} 66. Kxe4 {[%clk 0:09:24]} Bxf6
{[%clk 0:01:01]} 67. Rg2 {[%clk 0:09:41]} Ke7 {[%clk 0:01:03]} 68. h6 1-0

[Event "World Chess Olympiad 2018"]
[Site "Batumi"]
[Date "2018.09.25"]
[Round "2"]
[Board "2"]
[WhiteFideId "12000108"]
[White "Mannhart Marcel"]
[BlackFideId "9100075"]
[Black "Press Shaun"]
[Result "1-0"]
[LiveChessVersion "1.4.8"]
[BlackElo "1935"]
[WhiteElo "2096"]

1. Nc3 {[%clk 1:30:53]} e5 {[%clk 1:30:53]} 2. Nf3 {[%clk 1:31:09]} Nc6
{[%clk 1:31:15]} 3. d4 {[%clk 1:31:24]} exd4 {[%clk 1:31:38]} 4. Nxd4
{[%clk 1:31:48]} Nf6 {[%clk 1:32:02]} 5. Bg5 {[%clk 1:30:31]} Bb4
{[%clk 1:32:16]} 6. Nxc6 {[%clk 1:27:15]} bxc6 {[%clk 1:32:38]} 7. Qd4
{[%clk 1:27:22]} Qe7 {[%clk 1:32:25]} 8. Bxf6 {[%clk 1:22:33]} gxf6
{[%clk 1:32:47]} 9. O-O-O {[%clk 1:22:33]} c5 {[%clk 1:25:43]} 10. Qe4
{[%clk 1:15:40]} c6 {[%clk 1:24:37]} 11. Qxe7+ {[%clk 1:06:17]} Kxe7
{[%clk 1:25:00]} 12. Na4 {[%clk 1:05:30]} d6 {[%clk 1:21:28]} 13. c3
{[%clk 0:58:42]} Ba5 {[%clk 1:21:46]} 14. e4 {[%clk 0:58:51]} Rg8
{[%clk 1:16:40]} 15. f3 {[%clk 0:56:14]} Be6 {[%clk 1:12:46]} 16. b3
{[%clk 0:48:54]} f5 {[%clk 0:55:46]} 17. exf5 {[%clk 0:43:00]} Bxf5
{[%clk 0:56:07]} 18. g4 {[%clk 0:43:07]} Be6 {[%clk 0:55:31]} 19. h3
{[%clk 0:39:02]} Bb6 {[%clk 0:48:03]} 20. Kc2 {[%clk 0:36:22]} Rgd8
{[%clk 0:37:08]} 21. Re1 {[%clk 0:33:55]} Kf8 {[%clk 0:36:21]} 22. Bd3
{[%clk 0:33:04]} Kg7 {[%clk 0:34:44]} 23. Rhf1 {[%clk 0:28:51]} Re8
{[%clk 0:32:26]} 24. Kd1 {[%clk 0:20:53]} d5 {[%clk 0:25:26]} 25. Re2
{[%clk 0:18:25]} Bd7 {[%clk 0:20:24]} 26. Rfe1 {[%clk 0:18:23]} Rxe2
{[%clk 0:19:01]} 27. Rxe2 {[%clk 0:18:48]} Re8 {[%clk 0:19:29]} 28. Rxe8
{[%clk 0:18:23]} Bxe8 {[%clk 0:19:52]} 29. Bf5 {[%clk 0:18:27]} h6
{[%clk 0:18:50]} 30. Ke2 {[%clk 0:18:21]} Kf6 {[%clk 0:18:59]} 31. f4
{[%clk 0:18:09]} Bc7 {[%clk 0:15:49]} 32. Kf3 {[%clk 0:17:46]} Bd6
{[%clk 0:15:31]} 33. Nb2 {[%clk 0:17:43]} Bc7 {[%clk 0:09:35]} 34. c4
{[%clk 0:15:43]} Kg7 {[%clk 0:02:15]} 35. h4 {[%clk 0:14:11]} f6 {[%clk 0:02:01]}
36. Be6 {[%clk 0:13:40]} d4 {[%clk 0:01:33]} 37. Nd3 {[%clk 0:13:33]} Bd6
{[%clk 0:01:56]} 38. h5 {[%clk 0:13:09]} Be7 {[%clk 0:01:11]} 39. Ke4
{[%clk 0:13:23]} Bd6 {[%clk 0:01:12]} 40. Kf5 {[%clk 0:43:18]} Be7
{[%clk 0:31:26]} 41. Ke4 {[%clk 0:40:22]} a5 {[%clk 0:26:27]} 42. Ne1
{[%clk 0:37:26]} Bd8 {[%clk 0:20:15]} 43. Kf5 {[%clk 0:32:20]} Be7
{[%clk 0:18:49]} 44. Nd3 {[%clk 0:32:32]} Bd6 {[%clk 0:18:25]} 45. Ke4
{[%clk 0:32:47]} Be7 {[%clk 0:18:34]} 46. Bf5 {[%clk 0:32:29]} Bd6
{[%clk 0:16:50]} 47. Nb2 {[%clk 0:32:30]} Be7 {[%clk 0:14:38]} 48. Na4
{[%clk 0:32:51]} Bd6 {[%clk 0:10:31]} 49. Nb6 {[%clk 0:32:31]} Bc7
{[%clk 0:03:23]} 50. Bd7 {[%clk 0:29:22]} Bxd7 {[%clk 0:03:33]} 51. Nxd7
{[%clk 0:29:45]} Bd6 {[%clk 0:03:24]} 52. Nb6 {[%clk 0:29:45]} Bc7
{[%clk 0:01:46]} 53. Na4 {[%clk 0:27:13]} Bd6 {[%clk 0:02:05]} 54. Nb2
{[%clk 0:27:37]} Kf7 {[%clk 0:02:02]} 55. Kf5 {[%clk 0:27:59]} Be7
{[%clk 0:01:51]} 56. Nd3 {[%clk 0:28:23]} Bd6 {[%clk 0:01:20]} 57. g5
{[%clk 0:28:31]} fxg5 {[%clk 0:01:29]} 58. fxg5 {[%clk 0:28:56]} hxg5
{[%clk 0:01:51]} 59. Kxg5 {[%clk 0:27:11]} Kg7 {[%clk 0:02:14]} 60. Kf5
{[%clk 0:19:36]} Kh6 {[%clk 0:01:33]} 61. Kg4 {[%clk 0:17:29]} Kg7
{[%clk 0:00:41]} 62. Nf2 {[%clk 0:17:50]} Kh6 {[%clk 0:00:49]} 63. Ne4
{[%clk 0:17:42]} Be7 {[%clk 0:01:14]} 64. Ng3 {[%clk 0:17:58]} Bf6
{[%clk 0:01:03]} 65. Nf5+ {[%clk 0:18:01]} Kh7 {[%clk 0:01:23]} 66. Kf4
{[%clk 0:18:27]} Kg8 {[%clk 0:00:48]} 67. Ke4 {[%clk 0:17:26]} Kf7
{[%clk 0:00:46]} 68. Nd6+ {[%clk 0:17:41]} Kg7 {[%clk 0:01:01]} 69. Nb7
{[%clk 0:17:18]} Be7 {[%clk 0:01:23]} 70. Nxa5 {[%clk 0:17:43]} Kh6
{[%clk 0:00:43]} 71. Nxc6 {[%clk 0:17:19]} Bd6 {[%clk 0:01:04]} 72. a4
{[%clk 0:17:37]} 1-0

[Event "World Chess Olympiad 2018"]
[Site "Batumi"]
[Date "2018.09.25"]
[Round "2"]
[Board "2"]
[WhiteFideId "9202609"]
[White "Abo Moliana Montasar"]
[BlackFideId "10300040"]
[Black "Al Azmi Khalaf"]
[Result "1-0"]
[LiveChessVersion "1.4.8"]
[BlackElo "1785"]
[WhiteElo "1993"]

1. e4 {[%clk 1:30:54]} e5 {[%clk 1:30:44]} 2. Nf3 {[%clk 1:31:09]} Nc6
{[%clk 1:31:06]} 3. Bb5 {[%clk 1:31:32]} Nd4 {[%clk 1:31:11]} 4. Nxd4
{[%clk 1:31:46]} exd4 {[%clk 1:31:32]} 5. O-O {[%clk 1:32:04]} Bc5
{[%clk 1:31:34]} 6. d3 {[%clk 1:30:03]} c6 {[%clk 1:31:17]} 7. Bc4
{[%clk 1:29:38]} d5 {[%clk 1:31:36]} 8. exd5 {[%clk 1:29:54]} cxd5
{[%clk 1:31:58]} 9. Bb5+ {[%clk 1:29:48]} Bd7 {[%clk 1:32:09]} 10. Bxd7+
{[%clk 1:29:10]} Qxd7 {[%clk 1:32:29]} 11. Re1+ {[%clk 1:26:35]} Ne7
{[%clk 1:32:34]} 12. Nd2 {[%clk 1:20:25]} O-O {[%clk 1:32:06]} 13. Nf3
{[%clk 1:20:16]} f6 {[%clk 1:29:40]} 14. a3 {[%clk 1:16:25]} a6 {[%clk 1:25:31]}
15. Bf4 {[%clk 1:15:41]} Rfe8 {[%clk 1:24:29]} 16. Qd2 {[%clk 1:15:22]} Rac8
{[%clk 1:19:18]} 17. Re2 {[%clk 1:13:20]} Ng6 {[%clk 1:09:26]} 18. Rae1
{[%clk 1:11:15]} Red8 {[%clk 1:03:10]} 19. Bg3 {[%clk 1:09:05]} Rc6
{[%clk 1:02:22]} 20. h4 {[%clk 1:03:47]} h5 {[%clk 1:00:24]} 21. Qd1
{[%clk 0:54:56]} Rdc8 {[%clk 0:54:36]} 22. Rd2 {[%clk 0:53:52]} Qg4
{[%clk 0:53:33]} 23. Rde2 {[%clk 0:53:17]} Kf7 {[%clk 0:51:36]} 24. Qb1
{[%clk 0:47:50]} Nf4 {[%clk 0:46:29]} 25. Bxf4 {[%clk 0:46:31]} Qxf4
{[%clk 0:46:49]} 26. b4 {[%clk 0:46:07]} Bd6 {[%clk 0:46:19]} 27. Qb3
{[%clk 0:46:17]} Bb8 {[%clk 0:25:36]} 28. Qxd5+ {[%clk 0:45:19]} Kg6
{[%clk 0:24:40]} 29. Re7 {[%clk 0:43:54]} Rf8 {[%clk 0:23:17]} 30. Qxd4
{[%clk 0:33:52]} Rxc2 {[%clk 0:19:33]} 31. Qxf4 {[%clk 0:24:16]} Bxf4
{[%clk 0:19:37]} 32. Rxb7 {[%clk 0:24:01]} Rfc8 {[%clk 0:17:54]} 33. g3
{[%clk 0:23:45]} Bb8 {[%clk 0:16:33]} 34. Ree7 {[%clk 0:23:39]} Rg8
{[%clk 0:15:20]} 35. Nd4 {[%clk 0:22:44]} Rd2 {[%clk 0:12:38]} 36. Ne6
{[%clk 0:22:56]} Rxd3 {[%clk 0:12:08]} 37. a4 {[%clk 0:18:50]} Bd6
{[%clk 0:09:03]} 38. Red7 {[%clk 0:18:37]} Rd2 {[%clk 0:09:00]} 39. Nc5
{[%clk 0:15:39]} Re8 {[%clk 0:07:55]} 40. Rxg7+ {[%clk 0:40:08]} Kf5
{[%clk 0:37:16]} 41. Nb3 {[%clk 0:21:12]} Rb2 {[%clk 0:27:22]} 42. Nd4+
{[%clk 0:18:53]} Ke4 {[%clk 0:24:58]} 43. Nc6 {[%clk 0:16:47]} Rc8
{[%clk 0:24:11]} 44. Rb6 {[%clk 0:11:13]} Rc2 {[%clk 0:18:06]} 45. Rd7
{[%clk 0:10:36]} R2xc6 {[%clk 0:16:29]} 46. Rxd6 {[%clk 0:09:24]} Rc1+
{[%clk 0:16:22]} 47. Kg2 {[%clk 0:09:46]} Ra1 {[%clk 0:15:37]} 48. Rxa6
{[%clk 0:09:12]} f5 {[%clk 0:15:39]} 49. Ra5 {[%clk 0:09:01]} Rcc1
{[%clk 0:13:42]} 50. f3+ {[%clk 0:09:21]} 1-0

[Event "World Chess Olympiad 2018"]
[Site "Batumi"]
[Date "2018.09.25"]
[Round "2"]
[Board "3"]
[WhiteFideId "10300198"]
[White "AlShourfaa Hazaa"]
[BlackFideId "9205365"]
[Black "Naser Eldean Ahmed"]
[Result "0-1"]
[LiveChessVersion "1.4.8"]
[BlackElo "1906"]
[WhiteElo "1783"]

1. e4 {[%clk 1:30:57]} c5 {[%clk 1:30:08]} 2. Nc3 {[%clk 1:31:02]} d6
{[%clk 1:30:21]} 3. g3 {[%clk 1:31:23]} Nc6 {[%clk 1:30:28]} 4. Bg2
{[%clk 1:31:45]} g6 {[%clk 1:30:44]} 5. f4 {[%clk 1:31:39]} Bg7 {[%clk 1:30:45]}
6. Nf3 {[%clk 1:31:44]} e6 {[%clk 1:30:04]} 7. d3 {[%clk 1:31:26]} Nge7
{[%clk 1:30:25]} 8. O-O {[%clk 1:28:59]} Nd4 {[%clk 1:28:23]} 9. Ne2
{[%clk 1:26:50]} O-O {[%clk 1:24:26]} 10. c3 {[%clk 1:26:58]} Nxe2+
{[%clk 1:24:38]} 11. Qxe2 {[%clk 1:27:26]} b5 {[%clk 1:19:58]} 12. d4
{[%clk 1:13:34]} a6 {[%clk 1:10:32]} 13. dxc5 {[%clk 1:08:22]} dxc5
{[%clk 1:09:47]} 14. Be3 {[%clk 1:08:42]} Qc7 {[%clk 1:09:53]} 15. Qf2
{[%clk 1:00:23]} c4 {[%clk 1:04:40]} 16. Rad1 {[%clk 0:51:06]} Bb7
{[%clk 1:04:38]} 17. Bd4 {[%clk 0:48:10]} Nc6 {[%clk 1:02:57]} 18. Bxg7
{[%clk 0:40:05]} Kxg7 {[%clk 1:03:17]} 19. Qc5 {[%clk 0:40:05]} Rfd8
{[%clk 0:55:33]} 20. Kf2 {[%clk 0:29:10]} Rd7 {[%clk 0:43:51]} 21. Nd4
{[%clk 0:26:20]} Rad8 {[%clk 0:41:49]} 22. Bf3 {[%clk 0:21:35]} Nxd4
{[%clk 0:31:19]} 23. Qxc7 {[%clk 0:21:36]} Rxc7 {[%clk 0:31:30]} 24. cxd4
{[%clk 0:17:57]} Rcd7 {[%clk 0:30:32]} 25. Ke3 {[%clk 0:17:49]} f6
{[%clk 0:30:09]} 26. Rf2 {[%clk 0:18:01]} f5 {[%clk 0:28:38]} 27. Rfd2
{[%clk 0:18:12]} fxe4 {[%clk 0:28:01]} 28. Bxe4 {[%clk 0:16:28]} Bd5
{[%clk 0:26:07]} 29. g4 {[%clk 0:14:25]} b4 {[%clk 0:19:08]} 30. Bc2
{[%clk 0:13:11]} Kf6 {[%clk 0:18:38]} 31. g5+ {[%clk 0:13:04]} Kg7
{[%clk 0:18:02]} 32. h4 {[%clk 0:12:58]} a5 {[%clk 0:18:10]} 33. Rh2
{[%clk 0:11:48]} Rh8 {[%clk 0:15:47]} 34. h5 {[%clk 0:11:54]} Rdd8
{[%clk 0:16:09]} 35. Be4 {[%clk 0:11:08]} Rc8 {[%clk 0:16:04]} 36. h6+
{[%clk 0:07:46]} Kf7 {[%clk 0:16:20]} 37. Rc2 {[%clk 0:06:45]} Rc7
{[%clk 0:16:07]} 38. Rdc1 {[%clk 0:06:58]} Rhc8 {[%clk 0:15:07]} 39. a3
{[%clk 0:04:57]} bxa3 {[%clk 0:14:08]} 40. bxa3 {[%clk 0:33:58]} Rb8
{[%clk 0:44:31]} 41. Rc3 {[%clk 0:31:54]} Rcc8 {[%clk 0:40:13]} 42. Bc2
{[%clk 0:30:02]} Rb2 {[%clk 0:40:20]} 43. Bb3 {[%clk 0:30:12]} Rh2
{[%clk 0:39:17]} 44. Ba4 {[%clk 0:28:22]} Rb8 {[%clk 0:39:03]} 45. R1c2
{[%clk 0:27:41]} Rh4 {[%clk 0:37:42]} 46. Rc1 {[%clk 0:21:46]} Ke7
{[%clk 0:36:19]} 47. R3c2 {[%clk 0:20:30]} Rh3+ {[%clk 0:36:33]} 48. Ke2
{[%clk 0:20:26]} Rxa3 {[%clk 0:36:41]} 49. Rxc4 {[%clk 0:15:08]} Bxc4+
{[%clk 0:32:40]} 50. Rxc4 {[%clk 0:15:35]} Rb2+ {[%clk 0:32:50]} 51. Bc2
{[%clk 0:15:44]} Kd6 {[%clk 0:32:48]} 52. Kd1 {[%clk 0:15:16]} Ra1+
{[%clk 0:33:03]} 53. Kd2 {[%clk 0:15:44]} Raa2 {[%clk 0:33:21]} 54. Kd3
{[%clk 0:14:19]} Rxc2 {[%clk 0:33:34]} 55. Rxc2 {[%clk 0:14:31]} Rxc2
{[%clk 0:33:58]} 0-1

[Event "World Chess Olympiad 2018"]
[Site "Batumi"]
[Date "2018.09.25"]
[Round "2"]
[Board "1"]
[WhiteFideId "6001238"]
[White "Lam Daniel King Wai"]
[BlackFideId "9700072"]
[Black "Chinasamy Devarajen"]
[Result "1-0"]
[LiveChessVersion "1.4.8"]
[BlackElo "1993"]
[WhiteElo "2145"]

1. e4 {[%clk 1:30:57]} c5 {[%clk 1:30:48]} 2. Nf3 {[%clk 1:31:24]} g6
{[%clk 1:31:08]} 3. d4 {[%clk 1:31:51]} cxd4 {[%clk 1:31:31]} 4. Nxd4
{[%clk 1:32:10]} Nc6 {[%clk 1:31:40]} 5. c4 {[%clk 1:32:31]} Nf6 {[%clk 1:31:35]}
6. Nc3 {[%clk 1:32:47]} Nxd4 {[%clk 1:31:33]} 7. Qxd4 {[%clk 1:33:10]} Bg7
{[%clk 1:31:42]} 8. e5 {[%clk 1:31:02]} Ng8 {[%clk 1:31:48]} 9. Bf4
{[%clk 1:30:52]} Nh6 {[%clk 1:28:56]} 10. Be2 {[%clk 1:27:35]} d6
{[%clk 1:19:11]} 11. Bxh6 {[%clk 1:20:05]} Bxh6 {[%clk 1:18:24]} 12. exd6
{[%clk 1:20:25]} O-O {[%clk 1:18:38]} 13. Qh4 {[%clk 1:05:27]} Bd2+
{[%clk 1:17:19]} 14. Kxd2 {[%clk 1:04:03]} Qxd6+ {[%clk 1:17:43]} 15. Kc1
{[%clk 1:00:07]} f6 {[%clk 1:12:29]} 16. Rd1 {[%clk 0:59:18]} Qe5
{[%clk 1:10:30]} 17. Qg3 {[%clk 0:58:18]} Qc5 {[%clk 1:07:34]} 18. Qe3
{[%clk 0:57:05]} Qc7 {[%clk 1:04:33]} 19. f4 {[%clk 0:55:58]} e6 {[%clk 1:03:35]}
20. b3 {[%clk 0:55:28]} Bd7 {[%clk 1:03:03]} 21. Kb2 {[%clk 0:55:32]} a6
{[%clk 1:02:16]} 22. a4 {[%clk 0:55:33]} Rae8 {[%clk 1:02:09]} 23. Bf3
{[%clk 0:51:52]} Bc6 {[%clk 1:01:46]} 24. Rd2 {[%clk 0:50:22]} Re7
{[%clk 1:00:01]} 25. Rad1 {[%clk 0:49:41]} Rfe8 {[%clk 1:00:20]} 26. Ne4
{[%clk 0:49:36]} Bxe4 {[%clk 1:00:00]} 27. Qxe4 {[%clk 0:48:01]} Kg7
{[%clk 0:59:34]} 28. Qd4 {[%clk 0:47:49]} Kf7 {[%clk 0:56:25]} 29. Qd6
{[%clk 0:46:54]} Qa5 {[%clk 0:51:23]} 30. b4 {[%clk 0:46:53]} Qc7
{[%clk 0:50:50]} 31. Qxc7 {[%clk 0:47:15]} Rxc7 {[%clk 0:51:13]} 32. Rd7+
{[%clk 0:47:44]} Re7 {[%clk 0:51:27]} 33. Rxc7 {[%clk 0:48:02]} Rxc7
{[%clk 0:51:50]} 34. c5 {[%clk 0:48:31]} Ke7 {[%clk 0:51:53]} 35. Kb3
{[%clk 0:48:47]} a5 {[%clk 0:51:13]} 36. Rd6 {[%clk 0:48:12]} axb4
{[%clk 0:50:04]} 37. Kxb4 {[%clk 0:48:39]} 1-0

[Event "World Chess Olympiad 2018"]
[Site "Batumi"]
[Date "2018.09.25"]
[Round "2"]
[Board "2"]
[WhiteFideId "9700110"]
[White "Goorsahye Antoine"]
[BlackFideId "6001394"]
[Black "Wong Brian"]
[Result "0-1"]
[LiveChessVersion "1.4.8"]
[BlackElo "2024"]
[WhiteElo "1793"]

1. d4 {[%clk 1:30:55]} Nf6 {[%clk 1:28:31]} 2. c4 {[%clk 1:31:06]} e6
{[%clk 1:25:49]} 3. g3 {[%clk 1:31:16]} d5 {[%clk 1:24:41]} 4. Bg2
{[%clk 1:31:11]} c5 {[%clk 1:23:33]} 5. Nf3 {[%clk 1:30:03]} Nc6 {[%clk 1:23:33]}
6. O-O {[%clk 1:28:12]} Be7 {[%clk 1:19:21]} 7. b3 {[%clk 1:27:13]} dxc4
{[%clk 1:12:55]} 8. bxc4 {[%clk 1:24:42]} Nxd4 {[%clk 1:12:09]} 9. Ne5
{[%clk 1:20:32]} O-O {[%clk 1:11:46]} 10. Bb2 {[%clk 1:19:21]} Rb8
{[%clk 1:03:00]} 11. Nd2 {[%clk 1:15:32]} Qc7 {[%clk 1:00:54]} 12. Ndf3
{[%clk 1:09:50]} Nf5 {[%clk 0:51:30]} 13. Qc2 {[%clk 1:05:26]} b5
{[%clk 0:47:56]} 14. Rfd1 {[%clk 1:03:01]} Ba6 {[%clk 0:40:36]} 15. Rd2
{[%clk 0:58:32]} bxc4 {[%clk 0:36:28]} 16. Rad1 {[%clk 0:55:55]} Nd6
{[%clk 0:29:58]} 17. Ng5 {[%clk 0:52:50]} h6 {[%clk 0:29:06]} 18. Nexf7
{[%clk 0:45:43]} Rxf7 {[%clk 0:24:13]} 19. Bxf6 {[%clk 0:42:47]} hxg5
{[%clk 0:20:10]} 20. Bxe7 {[%clk 0:42:08]} Qxe7 {[%clk 0:16:36]} 21. Rxd6
{[%clk 0:42:23]} Rb6 {[%clk 0:11:37]} 22. Rd8+ {[%clk 0:41:39]} Rf8
{[%clk 0:11:57]} 23. R8d7 {[%clk 0:39:24]} Qf6 {[%clk 0:12:10]} 24. e3
{[%clk 0:38:56]} Rb2 {[%clk 0:12:23]} 25. Qe4 {[%clk 0:36:46]} Qxf2+
{[%clk 0:12:00]} 26. Kh1 {[%clk 0:37:10]} Qf5 {[%clk 0:11:04]} 27. Rxa7
{[%clk 0:32:43]} Qxe4 {[%clk 0:10:06]} 28. Bxe4 {[%clk 0:33:09]} Rxa2
{[%clk 0:09:24]} 29. Bb7 {[%clk 0:32:01]} Bxb7+ {[%clk 0:09:47]} 30. Rxb7
{[%clk 0:32:29]} c3 {[%clk 0:09:38]} 31. Rc7 {[%clk 0:31:15]} Rd2
{[%clk 0:09:01]} 32. Rg1 {[%clk 0:29:43]} Rff2 {[%clk 0:09:09]} 0-1